Culture - Cinéma - Statistiques

Statistiques générales
  • Ce quiz a été pris 275 fois
  • Le résultat moyen est 12 sur 30
Statistiques - réponses
Question Réponse % Correct
Qui interprète Tony Montana, alias Scarface dans le film éponyme de 1983 ? Al Pacino
99%
Qui interprète Hannibal Lecter dans "Le Silence des agneaux" (1991) ? Anthony Hopkins
89%
C'est quoi la plus grosse bouse du cinéma ? Astérix et Obélix : L'Empire du milieu (2023)
66%
Quel film n'a pas été réalisé par David Fincher ? The Tree of Life
63%
Qui a réalisé ce film ? ("Scarface") Brian De Palma
61%
Qui a réalisé le film que vous avez répondu à la question précédente ? Terrence Malick
57%
Dans la saga "Star Wars", quel est le nom complet de l'épisode V ? L'Empire contre-attaque
55%
Quel âge avait Nathalie Portman lorsqu'elle incarne Mathilda dans "Léon" (1994) ? 12 ans
52%
Un petit peu de cucul la praline, avec qui Tim Burton s'est-il mis en couple en 2023 ? Monica Bellucci
48%
Ingmar Bergman était : Suédois
47%
Quel est le premier long-métrage réalisé par Xavier Dolan ? J'ai tué ma mère
45%
En quelle année est sorti "Psychose" de Alfred Hitchcock ? 1960
43%
Lequel de ces films n'a pas eu 11 Oscars ? West Side Story (1961)
43%
Dans quel film ne peut-on pas voir Cameron Diaz ? Casino
42%
Quel film n'a pas obtenu l'Oscar du meilleur film ? Joker (2019)
41%
Qui a réalisé "Hiroshima mon amour" (1959) ? Alain Resnais
33%
James Wan, le réalisateur de "Conjuring", "Saw", "Insidious", ou plus récemment "Aquaman", est : Australien
33%
Quel acteur n'apparaît pas à l'écran dans "La Haine" (1995) ? Albert Dupontel
31%
Qui qui dit "Bring me everyone... EVERYONE !!!" ? Gary Oldman
31%
Complétez cette réplique de Gérard Depardieu dans "Les Valseuses" (1974) : "On est pas bien ? Paisibles, à la fraîche, décontractés du gland... ... et on bandera quand on aura envie de bander"
26%
Dans quel film peut-on entendre "La Lettre à Elise" de Beethoven ? Inglourious Basterds (2009)
25%
Avec quel acteur Johnny Depp n'a-t-il jamais joué dans un long-métrage ? Robert De Niro
25%
Quel film de Stanley Kubrick n'est pas tiré d'un roman ? Spartacus (1960)
25%
Quel est le titre québécois de "Charlie & la chocolaterie" (2005) ? Willy Wonka au pays enchanté
21%
Quel film a été réalisé par Johnny Depp ? The Brave
19%
Dans quel film aucun acteur (et actrice) de "The Grand Budapest Hotel" (2014) n'a joué ? "Pirates des Caraïbes 3 : Jusqu'au bout du monde" (2007)
16%
Dans quel film sorti en 1955 Marilyn Monroe a-t-elle sa robe soulevée par une aération de métro, scène devenue culte ? Sept ans de réflexion
14%
Quel film n'a pas été produit par Harvey Weinstein le criminel sexuel ? "Shutter Island" (2010)
11%
Combien de long-métrages Stanley Kubrick a-t-il réalisés ? 13
8%
De 1970 à 2000, dans combien de long-métrages Gérard Depardieu a-t-il joué ? Plus de 100
7%
Aucun quiz correspondant
Distribution des résultats
% des personnes avec chaque résultat
Percentile par nombre de réponses
Votre historique - résultats
Vous n’avez pas pris ce quiz